000 04596nam a22017777a 4500
003 PE-LiUPU
005 20250813170011.0
008 221124b |||||||| |||| 00| 0 spa d
020 _a9788418257001
040 _aPE-LiUPU
_bspa
_cPE-LiUPU
_erda
082 _a616.075
_bR215w
100 _9653
_aRao, L.V.
_eAutor.
245 _aWallach Interpretacion clinica de Pruebas Diagnosticas. /
_hL.V. Rao, L. Michael Snyder
250 _a11a Edición
264 _aBarcelona, España :
_bWolters Kluwer,
_c2020.
300 _a1425 páginas :
_bTablas, ilustraciones ;
_c23 centímetros.
505 _aPrólogo -- Tributo a Jacques Wallach -- Prefacio -- Prefacio de la primera edición -- Agradecimiento -- Factores que afectan las pruebas de laboratorio -- Pruebas de laboratorio -- Pruebas de enfermedades infecciosas -- Enfermedades autoinmunes -- Trastornos cardiovasculares -- Trastornos del sistema nervioso central -- Enfermedades digestivas -- Enfermedades endocrinas -- Trastorno del aparato genitourinario -- Trastorno ginecológicos y obstétricos -- Hemopatías -- Enfermedades hereditarias y genéticas -- Enfermedades infecciosas -- Trastornos renales -- Trastornos respiratorios, metabólicos y acidobásicos -- Toxicología y control de fármacos terapéuticos -- Medicina de transfusion -- Abreviaturas y acrónimos
526 _aP203
526 _aP200
526 _aSEG65
526 _aSEG64
526 _aSEG63
526 _aSEG62
526 _aSEG61
526 _aSEG60
526 _aSEG59
526 _aSEG58
526 _aSEG57
526 _aSEG56
526 _aSEG55
526 _aSEG54
526 _aSEG53
526 _aSEG52
526 _aSEG51
526 _aSEG50
526 _aSEG49
526 _aSEG48
526 _aSEG47
526 _aSEG46
526 _aSEG24
526 _aSEG23
526 _aSEG22
526 _aSEG21
526 _aSEG20
526 _aSEG19
526 _aSEG18
526 _aSEG17
526 _aSEG16
526 _aSEG14
526 _aSEG13
526 _aSEG12
526 _aSEG11
526 _aSEG10
526 _aSEG09
526 _aSEG06
526 _aSEG05
526 _aSEG04
526 _aSEG03
526 _aSEG02
526 _aSEG68
526 _aSEG66
526 _aSEG45
526 _aSEG25
526 _aSEG01
526 _aP163
526 _aP162
526 _aP161
526 _aP160
526 _aP159
526 _aP158
526 _aP157
526 _aP156
526 _aP155
526 _aP154
526 _aP153
526 _aP152
526 _aP151
526 _aP150
526 _aP149
526 _aP142
526 _aP141
526 _aP140
526 _aP139
526 _aP138
526 _aP137
526 _aP132
526 _aP131
526 _aP130
526 _aP126
526 _aP125
526 _aP124
526 _aP123
526 _aP115
526 _aP122
526 _aP121
526 _aP116
526 _a P114
526 _aP112
526 _aP111
526 _aP104
526 _aP103
526 _aP102
526 _aP101
526 _aP100
526 _aP96
526 _aP95
526 _aP93
526 _aP92
526 _aP91
526 _aP88
526 _aP83
526 _aP82
526 _aP79
526 _aP78
526 _aP75
526 _aP74
526 _aP71
526 _aP69
526 _a P51
526 _aP49
526 _aP48
526 _aP47
526 _aP33
526 _aP31
526 _a P30
526 _aP29
526 _aP27
526 _aP26
526 _aP25
526 _aP24
526 _a P22
526 _aP10
526 _aP09
526 _a P08
526 _aP06
526 _aP05
526 _aP04
526 _aP01
650 0 _9654
_aDiagnostico de laboratorio
650 0 _9655
_aAnálisis clínicos.
700 _9656
_aSnyder, L. Michael
_eAutor.
700 _9657
_aMéndez Pérez, Jonathan
_eRevisor Cientifico
700 _9658
_aArroyo Escalante, Sara
_eRevisor Cientifico
700 _9659
_aGonxáles Rivera, Daniel
_eRevisor Cientifico
700 _9660
_aSánchez Navarro, Arturo
_eRevisor Científico
700 _9661
_aOliva Reyes, Diego Arturo
_eRevisor Científico
700 _9662
_aVéliz Salazar, Leonora
_eTraducción
700 _9663
_aGarcía Roig, Felix
_eTraducción.
942 _2ddc
_cBK
_n0
980 _622041
_aELI VALDERRAMA Analista Documental
_81
_gALBERTO SANCHEZ Responsable de Automatización
999 _c61627
_d61627